000 02171nam1a2200337 i 4500
001 RU\NLR\bibl\1831550
005 20260407093344.0
035 _a(NLR Aleph) 001822051
090 _a2019449
_c2019449
100 _a20111110g20109999k y0rusy50 ca
101 0 _arus
102 _aRU
105 _a||||z |||||
200 1 _aИнновационное развитие альтернативной энергетики
_f[чл.-корр. Россельхозакад. В.Ф. Федоренко, д.э.н. Н.Т. Сорокин, д.т.н. Д.С. Буклагин и др.]
_gМ-во сел. хоз-ва Рос. Федерации, Федер. гос. науч. учреждение Рос. НИИ информ. и техн.-экон. исслед. по инж.-техн. обеспечению агропром. комплекса (ФГНУ "Росинформагротех")
210 _aМосква
_cФГНУ "Россельхозагротех"
_d2010
215 _d21
300 _aАвт. указаны на обороте тит. л.
463 0 _10011748410
463 0 _10011826572
606 1 _aАльтернативная энергетика
_92078548
_3RU\NLR\auth\661254410
686 _aЗ6
686 _aЗ15
701 1 _4070
_7ca
_8rus
_aФедоренко
_bВ. Ф.
_f1951-
_gВячеслав Филиппович
_957536
_3RU\NLR\auth\7774608
701 1 _4070
_8rus
_7ca
_aСорокин
_bН. Т.
_cд-р экон. наук
_gНиколай Тимофеевмч
_3RU\NLR\auth\7770163
_953091
701 1 _aБукгалин
_bД. С.
_4070
712 0 2 _4570
_aРоссийский НИИ информации и технико-экономических исследований по инженерно-техническому обеспечению агропромышленного комплекса
_cпос. Правдинский, Московская обл.
_3RU\NLR\AUTH\8826104
_9327418
801 0 _aRU
_bNLR
_c20111110
_gRCR
801 1 _aRU
_bNLR
_c20111110
852 _aNLR
_j2011-3/8979
942 _cBOOK